Score 0/21 Timer 06:00
2 Plays Today
% Correct
William Shakespeare
A Midsummer
Night's Dream
91.6%
J.K. Rowling
Harry Potter and the
Order of the Phoenix
90.4%
Edgar Allan Poe
The Raven
70.2%
Louisa May Alcott
Little Women
67.8%
Harper Lee
To Kill a Mockingbird
64.9%
Charlotte Brontë
Jane Eyre
63.3%
Ernest Hemingway
The Old Man
and the Sea
63.1%
Leo Tolstoy
War and Peace
54.8%
James Joyce
Ulysses
53.3%
Roald Dahl
The BFG
52.2%
J.R.R. Tolkien
The Hobbit
51.8%
% Correct
John Steinbeck
Of Mice and Men
45.9%
Ian Fleming
Goldfinger
42.1%
Agatha Christie
Evil Under the Sun
40.2%
Franz Kafka
The Metamorphosis
39.8%
Albert Camus
The Stranger
38.6%
Jules Verne
Around the World
in Eighty Days
31.2%
H.G. Wells
The Time Machine
30.5%
Aldous Huxley
Brave New World
29%
C.S. Lewis
Mere Christianity
25.8%
George Bernard Shaw
The Perfect Wagnerite
18.5%
Remove Ads.
Support Sporcle.
Get the best of Sporcle when you Go Orange. This ad-free experience offers more features, more stats, and more fun while also helping to support Sporcle. Thank you for becoming a member.

You're not logged in!

Compare scores with friends on all Sporcle quizzes.
OR
Log In

Show Comments

Extras

Top Quizzes Today


Score Distribution

Your Account Isn't Verified!

In order to create a playlist on Sporcle, you need to verify the email address you used during registration. Go to your Sporcle Settings to finish the process.

Report this User

Report this user for behavior that violates our Community Guidelines.

Details: